<?xml version="1.0" encoding="UTF-8"?>
<record
    xmlns:xsi="http://www.w3.org/2001/XMLSchema-instance"
    xsi:schemaLocation="http://www.loc.gov/MARC21/slim http://www.loc.gov/standards/marcxml/schema/MARC21slim.xsd"
    xmlns="http://www.loc.gov/MARC21/slim">

  <leader>02554nam a22003017a 4500</leader>
  <controlfield tag="003">NALT</controlfield>
  <controlfield tag="005">20240430073536.0</controlfield>
  <controlfield tag="008">230914b        th ||||| |||| 00| 0 tha d</controlfield>
  <datafield tag="020" ind1=" " ind2=" ">
    <subfield code="a">9786161808075</subfield>
  </datafield>
  <datafield tag="040" ind1=" " ind2=" ">
    <subfield code="a">NALT</subfield>
  </datafield>
  <datafield tag="041" ind1=" " ind2=" ">
    <subfield code="a">tha</subfield>
  </datafield>
  <datafield tag="050" ind1=" " ind2=" ">
    <subfield code="a">DS 902.4</subfield>
    <subfield code="b">&#xE19;577&#xE0B; 2558</subfield>
  </datafield>
  <datafield tag="100" ind1="0" ind2=" ">
    <subfield code="9">61646</subfield>
    <subfield code="a">&#xE19;&#xE34;&#xE15;&#xE22;&#xE32; &#xE0A;&#xE19;&#xE32;&#xE19;&#xE38;&#xE01;&#xE38;&#xE25;</subfield>
  </datafield>
  <datafield tag="245" ind1="1" ind2="0">
    <subfield code="a">Seoul city guide /</subfield>
    <subfield code="c">Coundsheck's Journey, &#xE40;&#xE23;&#xE37;&#xE48;&#xE2D;&#xE07;&#xE41;&#xE25;&#xE30;&#xE20;&#xE32;&#xE1E;.</subfield>
  </datafield>
  <datafield tag="250" ind1=" " ind2=" ">
    <subfield code="a">&#xE1E;&#xE34;&#xE21;&#xE1E;&#xE4C;&#xE04;&#xE23;&#xE31;&#xE49;&#xE07;&#xE41;&#xE23;&#xE01;.</subfield>
  </datafield>
  <datafield tag="260" ind1=" " ind2=" ">
    <subfield code="a">&#xE01;&#xE23;&#xE38;&#xE07;&#xE40;&#xE17;&#xE1E;&#xE2F; :</subfield>
    <subfield code="b">&#xE2D;&#xE31;&#xE21;&#xE23;&#xE34;&#xE19;&#xE17;&#xE23;&#xE4C;&#xE41;&#xE17;&#xE23;&#xE40;&#xE27;&#xE25;,</subfield>
    <subfield code="c">2558.</subfield>
  </datafield>
  <datafield tag="300" ind1=" " ind2=" ">
    <subfield code="a">290 &#xE2B;&#xE19;&#xE49;&#xE32; :</subfield>
    <subfield code="b">&#xE20;&#xE32;&#xE1E;&#xE1B;&#xE23;&#xE30;&#xE01;&#xE2D;&#xE1A; ;</subfield>
    <subfield code="c">19 &#xE0B;&#xE21;.</subfield>
  </datafield>
  <datafield tag="490" ind1=" " ind2="0">
    <subfield code="a">&#xE04;&#xE39;&#xE48;&#xE21;&#xE37;&#xE2D;&#xE17;&#xE48;&#xE2D;&#xE07;&#xE40;&#xE17;&#xE35;&#xE48;&#xE22;&#xE27; ;</subfield>
    <subfield code="v">&#xE25;&#xE33;&#xE14;&#xE31;&#xE1A;&#xE17;&#xE35;&#xE48; 68</subfield>
  </datafield>
  <datafield tag="500" ind1=" " ind2=" ">
    <subfield code="a">Coundsheck's Journey &#xE40;&#xE1B;&#xE47;&#xE19;&#xE0A;&#xE37;&#xE48;&#xE2D;&#xE41;&#xE1F;&#xE19;&#xE40;&#xE1E;&#xE08;&#xE02;&#xE2D;&#xE07;&#xE1C;&#xE39;&#xE49;&#xE41;&#xE15;&#xE48;&#xE07; www.facebook.com/Coundsheckjourney.</subfield>
  </datafield>
  <datafield tag="505" ind1="0" ind2=" ">
    <subfield code="a">&#xE1A;&#xE17;&#xE19;&#xE33; -- To go &#xE01;&#xE48;&#xE2D;&#xE19;&#xE40;&#xE14;&#xE34;&#xE19;&#xE17;&#xE32;&#xE07;&#xE44;&#xE1B;&#xE42;&#xE0B;&#xE25; -- To know &#xE40;&#xE01;&#xE35;&#xE48;&#xE22;&#xE27;&#xE01;&#xE31;&#xE1A;&#xE42;&#xE0B;&#xE25; -- &#xE2A;&#xE16;&#xE32;&#xE19;&#xE35;&#xE04;&#xE22;&#xE2D;&#xE07;&#xE1A;&#xE01;&#xE01;&#xE38;&#xE07; (Gyeongbokgung station) -- &#xE2A;&#xE16;&#xE32;&#xE19;&#xE35;&#xE2D;&#xE31;&#xE19;&#xE01;&#xE38;&#xE01; (Anguk station) -- &#xE2A;&#xE16;&#xE32;&#xE19;&#xE35;&#xE2E;&#xE40;&#xE22;&#xE2E;&#xE27;&#xE32; (Hyehwa station) -- &#xE2A;&#xE16;&#xE32;&#xE19;&#xE35;&#xE17;&#xE07;&#xE41;&#xE14;&#xE21;&#xE38;&#xE19; (Dongdaemun station) -- &#xE2A;&#xE16;&#xE32;&#xE19;&#xE35;&#xE21;&#xE22;&#xE2D;&#xE07;&#xE14;&#xE07; (Myeong-Dong station) -- &#xE2A;&#xE16;&#xE32;&#xE19;&#xE35;&#xE40;&#xE27;&#xE34;&#xE25;&#xE14;&#xE4C;&#xE04;&#xE31;&#xE1E;&#xE2A;&#xE40;&#xE15;&#xE40;&#xE14;&#xE35;&#xE22;&#xE21; (World Cup Stadium station) -- &#xE2A;&#xE16;&#xE32;&#xE19;&#xE35;&#xE21;&#xE2B;&#xE32;&#xE27;&#xE34;&#xE17;&#xE22;&#xE32;&#xE25;&#xE31;&#xE22;&#xE2E;&#xE07;&#xE2D;&#xE34;&#xE01; (Hongik University station) -- &#xE2A;&#xE16;&#xE32;&#xE19;&#xE35;&#xE2E;&#xE31;&#xE1B;&#xE08;&#xE2D;&#xE07; (Hapjeong station) -- &#xE2A;&#xE16;&#xE32;&#xE19;&#xE35;&#xE21;&#xE2B;&#xE32;&#xE27;&#xE34;&#xE17;&#xE22;&#xE32;&#xE25;&#xE31;&#xE22;&#xE2A;&#xE15;&#xE23;&#xE35;&#xE2D;&#xE35;&#xE2E;&#xE27;&#xE32; (Ewha Womans University station) &#x2013; &#xE2A;&#xE16;&#xE32;&#xE19;&#xE35;&#xE2E;&#xE31;&#xE19;&#xE01;&#xE31;&#xE07;&#xE08;&#xE34;&#xE19;&#xE41;&#xE25;&#xE30;&#xE2A;&#xE16;&#xE32;&#xE19;&#xE35;&#xE2D;&#xE34;&#xE41;&#xE17;&#xE27;&#xE2D;&#xE19; (Hangangjin station and Itaewon station) -- &#xE2A;&#xE16;&#xE32;&#xE19;&#xE35;&#xE19;&#xE01;&#xE0B;&#xE32;&#xE1E;&#xE22;&#xE2D;&#xE07; (Noksapyeong station) -- &#xE2A;&#xE16;&#xE32;&#xE19;&#xE35;&#xE0A;&#xE34;&#xE19;&#xE0B;&#xE32; (Sinsa station) -- &#xE2A;&#xE16;&#xE32;&#xE19;&#xE35;&#xE2D;&#xE31;&#xE1E;&#xE01;&#xE39;&#xE08;&#xE2D;&#xE07;&#xE42;&#xE23;&#xE14;&#xE35;&#xE42;&#xE2D; (Apgujeong Rodeo station) -- Seoul don't miss events!.</subfield>
  </datafield>
  <datafield tag="651" ind1=" " ind2="4">
    <subfield code="9">27707</subfield>
    <subfield code="a">&#xE42;&#xE0B;&#xE25; (&#xE40;&#xE01;&#xE32;&#xE2B;&#xE25;&#xE35;&#xE43;&#xE15;&#xE49;) </subfield>
    <subfield code="x">&#xE20;&#xE39;&#xE21;&#xE34;&#xE1B;&#xE23;&#xE30;&#xE40;&#xE17;&#xE28;&#xE41;&#xE25;&#xE30;&#xE01;&#xE32;&#xE23;&#xE17;&#xE48;&#xE2D;&#xE07;&#xE40;&#xE17;&#xE35;&#xE48;&#xE22;&#xE27;</subfield>
  </datafield>
  <datafield tag="651" ind1=" " ind2="0">
    <subfield code="a">&#xE40;&#xE01;&#xE32;&#xE2B;&#xE25;&#xE35;&#xE43;&#xE15;&#xE49;</subfield>
    <subfield code="x">&#xE20;&#xE39;&#xE21;&#xE34;&#xE1B;&#xE23;&#xE30;&#xE40;&#xE17;&#xE28;&#xE41;&#xE25;&#xE30;&#xE01;&#xE32;&#xE23;&#xE17;&#xE48;&#xE2D;&#xE07;&#xE40;&#xE17;&#xE35;&#xE48;&#xE22;&#xE27;</subfield>
    <subfield code="9">553</subfield>
  </datafield>
  <datafield tag="850" ind1=" " ind2=" ">
    <subfield code="a">NALT</subfield>
  </datafield>
  <datafield tag="942" ind1=" " ind2=" ">
    <subfield code="2">lcc</subfield>
    <subfield code="c">GB</subfield>
  </datafield>
  <datafield tag="996" ind1=" " ind2=" ">
    <subfield code="a">kornsiririn.r</subfield>
    <subfield code="b">CATSTF	</subfield>
    <subfield code="c">2023-09-14</subfield>
  </datafield>
  <datafield tag="996" ind1=" " ind2=" ">
    <subfield code="a">phornvitoo</subfield>
    <subfield code="b">CATSTF	</subfield>
    <subfield code="c">2023-10-24</subfield>
  </datafield>
  <datafield tag="999" ind1=" " ind2=" ">
    <subfield code="c">103147</subfield>
    <subfield code="d">103147</subfield>
  </datafield>
  <datafield tag="998" ind1=" " ind2=" ">
    <subfield code="j"></subfield>
    <subfield code="k">CRON CRON</subfield>
  </datafield>
  <datafield tag="952" ind1=" " ind2=" ">
    <subfield code="0">0</subfield>
    <subfield code="1">0</subfield>
    <subfield code="2">lcc</subfield>
    <subfield code="4">0</subfield>
    <subfield code="7">0</subfield>
    <subfield code="8">CSEN</subfield>
    <subfield code="a">NALT</subfield>
    <subfield code="b">NALT</subfield>
    <subfield code="c">GEN</subfield>
    <subfield code="d">2023-09-14</subfield>
    <subfield code="l">0</subfield>
    <subfield code="o">DS 902.4 &#xE19;577&#xE0B; 2558</subfield>
    <subfield code="p">0100010078001</subfield>
    <subfield code="r">2023-10-31 00:00:00</subfield>
    <subfield code="w">2023-09-14</subfield>
    <subfield code="y">GB</subfield>
  </datafield>
</record>
